[Event "Palafrugell Gelpi Memorial 30th"]
[Site "Palafrugell"]
[Date "2017.11.04"]
[Round "7"]
[White "Parals Marce, Luis"]
[Black "Fernandez Garcia, Francesc"]
[Result "0-1"]
[WhiteElo "2061"]
[BlackElo "2065"]
[PlyCount "74"]
[EventDate "2017.09.23"]
[EventType "swiss"]
[EventRounds "9"]
[EventCountry "ESP"]
[SourceTitle "CBM 187 Extra"]
[Source "ChessBase"]
[SourceDate "2018.11.04"]
[SourceVersion "1"]
[SourceVersionDate "2018.11.04"]
[SourceQuality "1"]

1. Nf3 Nf6 2. g3 b6 3. Bg2 Bb7 4. 0-0 g6 5. b3 Bg7 6. Bb2 c5 7. c4 0-0 8. d3 Nc6 9. e3 d5 10. Qe2 e6 11. Rd1 Qc7 12. Nc3 Rad8 13. Rac1 Qb8 14. cxd5 Nxd5 15. Nxd5 Rxd5 16. Bxg7 Kxg7 17. Ne1 Rd6 18. Qb2+ Kg8 19. h4 h5 20. Nf3 Rfd8 21. Ng5 Nb4 22. Qf6 Qc7 23. g4 Bxg2 24. Kxg2 Nd5 25. Qf3 hxg4 26. Qxg4 Nf6 27. Qf3 Qe7 28. e4 e5 29. b4 Nh5 30. bxc5 bxc5 31. Kf1 Nf4 32. Rc3 c4 33. Rxc4 Rxd3 34. Rxd3 Rxd3 35. Rc8+ Kg7 36. Qg4 Qd7 37. Ne6+ Qxe6 0-1

[Event "Costa Brava op 29th"]
[Site "Costa Brava"]
[Date "2016.10.01"]
[Round "2"]
[White "Fernandez Garcia, Francesc"]
[Black "Vidal Palou, Jordi"]
[Result "1-0"]
[WhiteElo "2075"]
[BlackElo "1727"]
[PlyCount "52"]
[EventDate "2016.09.24"]
[EventType "swiss"]
[EventRounds "9"]
[EventCountry "ESP"]
[SourceTitle "EXT 2018"]
[Source "ChessBase"]
[SourceDate "2017.10.13"]
[SourceVersion "1"]
[SourceVersionDate "2017.10.13"]
[SourceQuality "1"]

1. b3 Nf6 2. Bb2 b6 3. Nf3 Bb7 4. c4 e6 5. e3 Be7 6. Be2 0-0 7. 0-0 d5 8. d4 c6 9. Nbd2 Nbd7 10. Qc2 Re8 11. Rac1 Bd6 12. Rfd1 e5 13. dxe5 Nxe5 14. cxd5 Nxd5 15. Nxe5 Bxe5 16. Bxe5 Rxe5 17. Nf3 Re7 18. Bd3 Qe8 19. Bxh7+ Kf8 20. Bf5 c5 21. Qc4 Nf6 22. Qh4 Ng8 23. Qh8 f6 24. Nh4 Rxe3 25. fxe3 Qxe3+ 26. Kh1 Bc6 1-0

[Event "Palafrugell Gelpi Memorial 28th"]
[Site "Palafrugell"]
[Date "2015.??.??"]
[Round "9"]
[White "Fernandez Garcia, Francesc"]
[Black "Clot Chico, Arnau"]
[Result "1-0"]
[WhiteElo "2219"]
[BlackElo "2065"]
[PlyCount "43"]
[EventDate "2015.09.26"]
[EventType "swiss"]
[EventRounds "9"]
[EventCountry "ESP"]
[SourceTitle "EXT 2017"]
[Source "ChessBase"]
[SourceDate "2016.10.25"]
[SourceVersion "1"]
[SourceVersionDate "2016.10.25"]
[SourceQuality "1"]

1. c4 Nf6 2. g3 g6 3. Bg2 Bg7 4. Nc3 0-0 5. d3 d6 6. e4 c6 7. Nge2 e5 8. 0-0 Nh5 9. Be3 f5 10. f4 Be6 11. Qd2 Nd7 12. Rae1 Nb6 13. b3 d5 14. cxd5 cxd5 15. fxe5 dxe4 16. dxe4 Qc7 17. Qd6 Qxd6 18. exd6 Rad8 19. exf5 Bxf5 20. Bxb7 Rf7 21. Bxb6 axb6 22. Bd5 1-0

[Event "Palafrugell Gelpi Memorial 28th"]
[Site "Palafrugell"]
[Date "2015.??.??"]
[Round "5"]
[White "Fernandez Garcia, Francesc"]
[Black "Parals Marce, Luis"]
[Result "1/2-1/2"]
[WhiteElo "2219"]
[BlackElo "2217"]
[PlyCount "43"]
[EventDate "2015.09.26"]
[EventType "swiss"]
[EventRounds "9"]
[EventCountry "ESP"]
[SourceTitle "EXT 2017"]
[Source "ChessBase"]
[SourceDate "2016.10.25"]
[SourceVersion "1"]
[SourceVersionDate "2016.10.25"]
[SourceQuality "1"]

1. e4 c5 2. Nc3 a6 3. f4 d6 4. d3 Nc6 5. Be3 e6 6. Nf3 Nf6 7. Be2 Be7 8. 0-0 0-0 9. h3 b5 10. Qd2 Qc7 11. g4 d5 12. exd5 exd5 13. g5 d4 14. gxf6 dxc3 15. bxc3 Bxf6 16. Bxc5 Re8 17. Kh2 Bb7 18. d4 Rad8 19. Bd3 Na5 20. Ne5 Nc4 21. Qf2 Nb2 22. Rae1 1/2-1/2

[Event "Figueres op 15th"]
[Site "Figueres"]
[Date "2014.08.15"]
[Round "5"]
[White "Parals Marce, Luis"]
[Black "Fernandez Garcia, Francesc"]
[Result "1/2-1/2"]
[WhiteElo "1962"]
[BlackElo "2070"]
[PlyCount "22"]
[EventDate "2014.08.11"]
[EventType "swiss"]
[EventRounds "9"]
[EventCountry "ESP"]
[SourceTitle "CBM 162 Extra"]
[Source "ChessBase"]
[SourceDate "2014.10.17"]
[SourceVersion "1"]
[SourceVersionDate "2014.10.17"]
[SourceQuality "1"]

1. d4 Nf6 2. Nf3 g6 3. Bf4 Bg7 4. h3 c5 5. e3 0-0 6. c3 b6 7. Nbd2 Bb7 8. Bd3 d6 9. Qe2 Re8 10. Bb5 Nbd7 11. Rd1 a6 1/2-1/2

[Event "Figueres op 15th"]
[Site "Figueres"]
[Date "2014.08.14"]
[Round "4"]
[White "Fernandez Garcia, Francesc"]
[Black "Serra Canals, Oriol"]
[Result "1/2-1/2"]
[WhiteElo "2070"]
[BlackElo "1892"]
[PlyCount "73"]
[EventDate "2014.08.11"]
[EventType "swiss"]
[EventRounds "9"]
[EventCountry "ESP"]
[SourceTitle "CBM 162 Extra"]
[Source "ChessBase"]
[SourceDate "2014.10.17"]
[SourceVersion "1"]
[SourceVersionDate "2014.10.17"]
[SourceQuality "1"]

1. c4 e6 2. g3 d5 3. Bg2 Nf6 4. Nf3 dxc4 5. Na3 Bxa3 6. bxa3 c3 7. d3 0-0 8. Qc2 Nc6 9. Qxc3 Nd5 10. Qc2 e5 11. 0-0 Bg4 12. Bb2 f6 13. Rac1 Kh8 14. e3 Re8 15. h3 Bh5 16. Nd2 Bg6 17. Ne4 Nce7 18. Nc5 Qc8 19. e4 Nb6 20. a4 Nc6 21. Rfd1 Nd7 22. Nb3 Bf7 23. d4 Nb4 24. Qb1 c6 25. d5 c5 26. a3 Na6 27. Na5 b6 28. Nc4 Qd8 29. Bc3 Nc7 30. Qc2 Rb8 31. Rb1 Rf8 32. Rb3 Ne8 33. Rbb1 Qc7 34. a5 Nd6 35. axb6 axb6 36. Bd2 Bg6 37. g4 1/2-1/2

[Event "Figueres op 15th"]
[Site "Figueres"]
[Date "2014.08.11"]
[Round "1"]
[White "Oliva Castaneda, Kevel"]
[Black "Fernandez Garcia, Francesc"]
[Result "1/2-1/2"]
[WhiteElo "2446"]
[BlackElo "2070"]
[PlyCount "62"]
[EventDate "2014.08.11"]
[EventType "swiss"]
[EventRounds "9"]
[EventCountry "ESP"]
[SourceTitle "CBM 162 Extra"]
[Source "ChessBase"]
[SourceDate "2014.10.17"]
[SourceVersion "1"]
[SourceVersionDate "2014.10.17"]
[SourceQuality "1"]

1. Nf3 g6 2. c4 Bg7 3. d4 Nf6 4. Nc3 d6 5. g3 0-0 6. Bg2 c5 7. 0-0 Nc6 8. dxc5 dxc5 9. Be3 Ng4 10. Bf4 Be6 11. Nd5 Nge5 12. Nd2 Rc8 13. Rc1 h6 14. h3 Qd7 15. Kh2 Rfd8 16. b3 b6 17. Nb1 Bxd5 18. cxd5 Nb4 19. Nc3 e6 20. dxe6 Qxe6 21. Qe1 Rd7 22. Be3 Rcd8 23. a3 Nbd3 24. exd3 Nxd3 25. Qd1 Nxc1 26. Qxc1 Qxb3 27. Ne4 Rd1 28. Rxd1 Rxd1 29. Nxc5 Rxc1 30. Nxb3 Rc3 31. Bd5 b5 1/2-1/2

[Event "Palafrugell Gelpi Memorial 27th"]
[Site "Palafrugell"]
[Date "2012.10.27"]
[Round "6"]
[White "Ricardo Sanchez, Fernando"]
[Black "Fernandez Garcia, Francesc"]
[Result "0-1"]
[WhiteElo "1897"]
[BlackElo "2073"]
[PlyCount "114"]
[EventDate "2012.09.22"]
[EventType "swiss"]
[EventRounds "9"]
[EventCountry "ESP"]
[SourceTitle "EXT 2014"]
[Source "ChessBase"]
[SourceDate "2013.11.20"]
[SourceVersion "1"]
[SourceVersionDate "2013.11.20"]
[SourceQuality "1"]

1. e4 c5 2. Nf3 g6 3. d4 cxd4 4. Nxd4 Nc6 5. Be3 Bg7 6. Nc3 Nf6 7. Bc4 0-0 8. Bb3 a5 9. f3 d5 10. Nxc6 bxc6 11. exd5 cxd5 12. Nxd5 Nxd5 13. Qxd5 Qxd5 14. Bxd5 Rb8 15. 0-0 Rxb2 16. Bb3 a4 17. Bxa4 Rb4 18. Bb3 Bxa1 19. Rxa1 Be6 20. Bc5 Rb7 21. Bxe6 fxe6 22. c3 Rb2 23. Bxe7 Re8 24. Bb4 Rd8 25. Kh1 Rdd2 26. Rg1 Rxa2 27. h4 Rd3 28. Rc1 Rdd2 29. Rg1 Kf7 30. Kh2 Kf6 31. Kg3 Kf5 32. Kh3 e5 33. Kg3 Rdc2 34. Kh3 Kf4 35. Kh2 Re2 36. Kh3 h5 37. Bf8 Rac2 38. Bb4 e4 39. fxe4 Kxe4 40. Kh2 Kf5 41. Kh3 Re3+ 42. g3 Ree2 43. Rh1 Ke4 44. c4 Rxc4 45. Re1 Rxe1 46. Bxe1 Kf3 47. Bd2 Rg4 48. Be1 Re4 49. Ba5 Rc4 50. Bd8 Kf2 51. Bb6+ Kf1 52. Be3 Ke2 53. Bb6 Kf3 54. Ba7 Rc6 55. Kh2 Kg4 56. Bb8 Rc2+ 57. Kg1 Kh3 0-1

[Event "Palafrugell Gelpi Memorial 24th"]
[Site "Palafrugell"]
[Date "2011.10.08"]
[Round "2.9"]
[White "Castrillon Otero, Javier"]
[Black "Fernandez Garcia, Francesc"]
[Result "0-1"]
[WhiteElo "1848"]
[BlackElo "2060"]
[PlyCount "142"]
[EventDate "2011.09.24"]
[EventType "swiss"]
[EventRounds "9"]
[EventCountry "ESP"]
[SourceTitle "EXT 2024"]
[Source "ChessBase"]
[SourceDate "2023.10.10"]
[SourceVersion "1"]
[SourceVersionDate "2023.10.10"]
[SourceQuality "1"]

1. d4 Nf6 2. c4 e6 3. Nc3 Bb4 4. f3 d5 5. a3 Bxc3+ 6. bxc3 b6 7. cxd5 exd5 8. e3 0-0 9. Bd3 c5 10. Ne2 Ba6 11. Bc2 Nc6 12. 0-0 Re8 13. Ba4 Qc7 14. Re1 Red8 15. Nf4 Na5 16. Nd3 cxd4 17. cxd4 Qc3 18. Nb2 Rac8 19. Ra2 b5 20. Bd2 Qc7 21. Bxa5 Qxa5 22. Bb3 Rc3 23. Qd2 Qc7 24. Bd1 Bb7 25. Nd3 Rc6 26. Ne5 Rc3 27. Nd3 Rc6 28. a4 bxa4 29. Bxa4 Rb6 30. Rc1 Qb8 31. Rb2 Ba6 32. Nb4 Bc4 33. Rcb1 Qc7 34. Nc2 Rdb8 35. Rxb6 Rxb6 36. Rxb6 Qxb6 37. Qb4 Qxb4 38. Nxb4 Kf8 39. Kf2 a6 40. Nc6 Nd7 41. Na5 Nb6 42. Bc6 Ke7 43. Bb7 Bb5 44. e4 Kd6 45. exd5 Nxd5 46. Bxd5 Kxd5 47. Ke3 Bf1 48. g3 Bb5 49. Nb7 f6 50. Na5 Be8 51. Kd3 Bb5+ 52. Kc3 g5 53. Nb3 h5 54. Nd2 f5 55. Nb1 a5 56. Na3 Be2 57. Nc2 Bxf3 58. Ne3+ Ke4 59. Nc4 Bg4 60. Nxa5 f4 61. gxf4 gxf4 62. Nc4 f3 63. Nd2+ Ke3 64. Nf1+ Kf2 65. Ng3 h4 66. Ne4+ Kg2 67. Nf6 Bf5 68. Kd2 f2 69. Nd5 f1Q 70. Ne3+ Kg1 71. Nxf1 Kxf1 0-1

[Event "Palafrugell Gelpi Memorial 24th"]
[Site "Palafrugell"]
[Date "2011.09.24"]
[Round "1.10"]
[White "Fernandez Garcia, Francesc"]
[Black "Perolet Perez, Miquel"]
[Result "1-0"]
[WhiteElo "2060"]
[BlackElo "1735"]
[PlyCount "71"]
[EventDate "2011.09.24"]
[EventType "swiss"]
[EventRounds "9"]
[EventCountry "ESP"]
[SourceTitle "EXT 2024"]
[Source "ChessBase"]
[SourceDate "2023.10.10"]
[SourceVersion "1"]
[SourceVersionDate "2023.10.10"]
[SourceQuality "1"]

1. e4 e6 2. d4 b6 3. Nc3 c6 4. Bd3 Ba6 5. Nge2 h6 6. 0-0 d6 7. f4 Bxd3 8. Qxd3 Nd7 9. Qf3 Rc8 10. Ng3 g6 11. f5 Qf6 12. fxe6 fxe6 13. Qd3 Qg7 14. Be3 Nb8 15. Rae1 Nf6 16. e5 dxe5 17. dxe5 Nfd7 18. Kh1 Be7 19. Qc4 Qg8 20. Bf4 g5 21. Bc1 Qg6 22. Nce4 b5 23. Qd3 Qh7 24. Nh5 Kd8 25. Nhf6 Bxf6 26. Rxf6 Qe7 27. Ref1 Kc7 28. Rf7 Qb4 29. c3 Qc4 30. Qd6+ Kb6 31. Be3+ Kb7 32. Nc5+ Ka8 33. Nxd7 Rhe8 34. Qc5 Qxc5 35. Nxc5 Red8 36. Ne4 1-0

[Event "Figueres op 09th"]
[Site "Figueres"]
[Date "2008.08.05"]
[Round "5"]
[White "Badosa Romanyo, Albert"]
[Black "Fernandez Garcia, Francesc"]
[Result "0-1"]
[WhiteElo "1877"]
[BlackElo "2037"]
[PlyCount "78"]
[EventDate "2008.08.02"]
[EventType "swiss"]
[EventRounds "9"]
[EventCountry "ESP"]
[SourceTitle "CBM 125 Extra"]
[Source "ChessBase"]
[SourceDate "2008.09.01"]
[SourceVersion "1"]
[SourceVersionDate "2008.09.01"]
[SourceQuality "1"]

1. d4 Nf6 2. c4 g6 3. Nc3 Bg7 4. e4 0-0 5. Nf3 d6 6. Be2 e5 7. dxe5 dxe5 8. Qxd8 Rxd8 9. Bg5 c6 10. 0-0 h6 11. Bh4 Bg4 12. Rad1 Na6 13. Rxd8+ Rxd8 14. Rd1 Rxd1+ 15. Bxd1 Nc5 16. Bc2 g5 17. Bg3 Bxf3 18. gxf3 Nfd7 19. Nd1 Ne6 20. Ne3 Nd4 21. Bd1 f6 22. b4 Kf7 23. Nc2 Nxc2 24. Bxc2 b6 25. h4 Ke7 26. hxg5 hxg5 27. Kg2 Nf8 28. f4 exf4 29. Bh2 Ng6 30. Bd1 Ne5 31. Be2 Bf8 32. f3 Kd7 33. a3 a5 34. bxa5 bxa5 35. a4 Bc5 36. Bg1 Kd6 37. Bh2 Be3 38. Bg1 Bxg1 39. Kxg1 Kc5 0-1